000 00707nam a2200181 a 4500
008 070530s2006 ||||||||||||||||| || u
050 _aIBRD(08)
100 _aTarr David
245 1 0 _aRegiona impcats of Russia's accession to the World Trade Organization
_cThomas Rutherford; David Tarr
260 _aWashington DC.
_bWorld Bank
_c2006
300 _a80p.: ill.
350 _a0.00
490 _aWorld Bank policy research working papers
650 0 _aCOMMERCE
650 _aTRADE AGREEMENTS
700 _aRutherford, Thomas
995 _D0.00
_FCBU-MAIN LIBRARY (Kitwe)
_H1
_I0.00
_M1
_UAVAILABLE
_WMay 30, 2007
_ZInternational Publications
999 _c55887
_d55887